[Event "Titled Tuesday intern op 01st Aug Early"]
[Site "Chess.com INT"]
[Date "2023.08.01"]
[Round "5"]
[White "Floresvillar Gonzalez, Luis Miguel"]
[Black "Aketayeva, Dana"]
[Result "1-0"]
[WhiteElo "2019"]
[BlackElo "2130"]
[PlyCount "75"]
[EventDate "2023.08.01"]
[EventType "swiss (blitz)"]
[EventRounds "11"]
[EventCountry "USA"]
[SourceTitle "EXT 2024"]
[Source "ChessBase"]
[SourceDate "2023.10.10"]
[SourceVersion "1"]
[SourceVersionDate "2023.10.10"]
[SourceQuality "1"]

1. d4 Nf6 2. c3 e6 3. Bg5 Be7 4. Nd2 d5 5. e3 0-0 6. f4 c5 7. Bd3 a6 8. Bxf6 Bxf6 9. Qh5 g6 10. Qe2 b5 11. Ngf3 c4 12. Bc2 Nc6 13. Ne5 Qb6 14. 0-0 b4 15. Rab1 a5 16. g4 Bg7 17. g5 a4 18. a3 Nxe5 19. fxe5 bxa3 20. bxa3 Qd8 21. h4 Qe7 22. Rb4 Bd7 23. Rfb1 Bc6 24. Qg4 Rfc8 25. Nf3 Bf8 26. h5 Qd8 27. Nh4 Bxb4 28. Rxb4 Rcb8 29. hxg6 hxg6 30. Nxg6 Rxb4 31. cxb4 c3 32. Nf4 Kf8 33. g6 Qe7 34. g7+ Kg8 35. Nh5 f5 36. exf6 Qf7 37. Qg5 e5 38. dxe5 1-0

[Event "Titled Tuesday intern op 04th Jul Early"]
[Site "Chess.com INT"]
[Date "2023.07.04"]
[Round "10"]
[White "Skiadopoulos, Nikolaos"]
[Black "Aketayeva, Dana"]
[Result "0-1"]
[WhiteElo "1896"]
[BlackElo "2130"]
[PlyCount "68"]
[EventDate "2023.07.04"]
[EventType "swiss (blitz)"]
[EventRounds "11"]
[EventCountry "USA"]
[SourceTitle "EXT 2024"]
[Source "ChessBase"]
[SourceDate "2023.10.10"]
[SourceVersion "1"]
[SourceVersionDate "2023.10.10"]
[SourceQuality "1"]

1. e4 c5 2. b4 d6 3. bxc5 dxc5 4. Nf3 Nc6 5. Bb5 Bd7 6. 0-0 Nf6 7. e5 Nd5 8. e6 Bxe6 9. Ne5 Bd7 10. Nxd7 Qxd7 11. Na3 e6 12. Nc4 Bd6 13. Nxd6+ Qxd6 14. Ba3 0-0 15. d4 Nc3 16. Qd3 Nxb5 17. Qxb5 Nxd4 18. Qxc5 Qf4 19. Qa5 Rfd8 20. Be7 Rd5 21. Qe1 Nxc2 22. Qc1 Qf5 23. Rb1 b6 24. Rb3 Nd4 25. Re3 h6 26. Bh4 Re5 27. Bg3 Ne2+ 28. Rxe2 Rxe2 29. Qc6 Qd5 30. Qa4 Rxa2 31. Qg4 a5 32. h4 a4 33. Rd1 Rd2 34. Rb1 a3 0-1

[Event "Titled Tuesday intern op 27th Jun Early"]
[Site "Chess.com INT"]
[Date "2023.06.27"]
[Round "5"]
[White "Aketayeva, Dana"]
[Black "Gazineu Neto, Rubens"]
[Result "0-1"]
[WhiteElo "2130"]
[BlackElo "1912"]
[PlyCount "120"]
[EventDate "2023.06.27"]
[EventType "swiss (blitz)"]
[EventRounds "11"]
[EventCountry "USA"]
[SourceTitle "EXT 2024"]
[Source "ChessBase"]
[SourceDate "2023.10.10"]
[SourceVersion "1"]
[SourceVersionDate "2023.10.10"]
[SourceQuality "1"]

1. d4 d5 2. Nf3 Nf6 3. g3 e6 4. Bg2 c5 5. 0-0 Nc6 6. c4 dxc4 7. dxc5 Qxd1 8. Rxd1 Bxc5 9. Nbd2 c3 10. bxc3 0-0 11. Nb3 Bb6 12. Nfd4 Nd5 13. Nxc6 bxc6 14. Bb2 Ba6 15. e3 Rac8 16. Ba3 Rfe8 17. Rac1 Bc4 18. Rd2 h5 19. Bf3 g6 20. Bb2 a5 21. a4 Bxb3 22. Ba3 Bc4 23. Rb1 Bd8 24. Rd4 Ba6 25. c4 Nc3 26. Rc1 Na2 27. Rcd1 Nb4 28. c5 Bf6 29. Rd7 Red8 30. Bxb4 Rxd7 31. Rxd7 axb4 32. Ra7 Bc4 33. Rb7 b3 34. a5 b2 35. Be4 Bc3 36. a6 Bxa6 37. Rb3 Bf6 38. Kg2 Bc4 39. Rb6 Bd5 40. Kf3 Bxe4+ 41. Kxe4 Rd8 42. Rb3 Rd1 43. Rb8+ Kg7 44. Rxb2 Bxb2 45. Kf3 Rb1 46. Ke2 Ra1 47. Kf3 Ba3 48. Kg2 Bxc5 49. Kf3 Ra2 50. Kg2 Bxe3 51. h4 Bxf2 52. Kh3 Bxg3 53. Kxg3 Ra4 54. Kh3 Rg4 55. Kh2 c5 56. Kh3 c4 57. Kh2 c3 58. Kh3 c2 59. Kh2 c1Q 60. Kh3 Qh1# 0-1

[Event "Titled Tuesday intern op 27th Jun Early"]
[Site "Chess.com INT"]
[Date "2023.06.27"]
[Round "3"]
[White "Aketayeva, Dana"]
[Black "Navalgund, Niranjan"]
[Result "0-1"]
[WhiteElo "2130"]
[BlackElo "2200"]
[PlyCount "148"]
[EventDate "2023.06.27"]
[EventType "swiss (blitz)"]
[EventRounds "11"]
[EventCountry "USA"]
[SourceTitle "EXT 2024"]
[Source "ChessBase"]
[SourceDate "2023.10.10"]
[SourceVersion "1"]
[SourceVersionDate "2023.10.10"]
[SourceQuality "1"]

1. d4 Nf6 2. Nf3 Rg8 3. g3 h6 4. Bg2 g5 5. 0-0 e6 6. c4 Be7 7. Nc3 d5 8. cxd5 Nxd5 9. e4 Nxc3 10. bxc3 b6 11. d5 Bb7 12. dxe6 fxe6 13. Nd4 e5 14. Nf5 Qxd1 15. Rxd1 Bf8 16. Bf3 Nd7 17. Bh5+ Kd8 18. Bf7 Rh8 19. Be6 Rh7 20. f3 Bc5+ 21. Be3 Bxe3+ 22. Nxe3 Bc6 23. Nc4 Ke7 24. Bxd7 Bxd7 25. Nxe5 Be8 26. Rd2 Ke6 27. Nc4 Bb5 28. Ne3 Rf7 29. Kg2 Ba4 30. Nf5 h5 31. Nd4+ Ke5 32. Nb3 Rd7 33. Rad1 Rxd2+ 34. Rxd2 c6 35. Rd4 Bxb3 36. axb3 a5 37. Kf2 b5 38. Ke3 a4 39. f4+ Ke6 40. bxa4 bxa4 41. Rd2 gxf4+ 42. gxf4 a3 43. Ra2 c5 44. Kd3 Ra4 45. Ke3 Kf6 46. Kf3 Kg6 47. Kg3 Kh6 48. e5 Kg6 49. Kf3 Kf5 50. Ke3 h4 51. h3 Re4+ 52. Kd3 c4+ 53. Kc2 Re2+ 54. Kb1 Re3 55. Rxa3 Kxf4 56. Ra4 Rxh3 57. e6 Rxc3 58. e7 Re3 59. Rxc4+ Kg3 60. Rc7 h3 61. Kc2 h2 62. e8Q Rxe8 63. Rg7+ Kf2 64. Rf7+ Kg1 65. Rg7+ Kh1 66. Kd2 Re6 67. Kd1 Re4 68. Kd2 Re8 69. Kd1 Ra8 70. Ke2 Ra1 71. Kf2 Rg1 72. Rh7 Rg6 73. Rh4 Rf6+ 74. Ke1 Kg2 0-1

[Event "Titled Tuesday intern op 27th Jun Early"]
[Site "Chess.com INT"]
[Date "2023.06.27"]
[Round "8"]
[White "Aketayeva, Dana"]
[Black "Szente Varga, Fruzsina"]
[Result "1-0"]
[WhiteElo "2130"]
[BlackElo "2075"]
[PlyCount "81"]
[EventDate "2023.06.27"]
[EventType "swiss (blitz)"]
[EventRounds "11"]
[EventCountry "USA"]
[SourceTitle "EXT 2024"]
[Source "ChessBase"]
[SourceDate "2023.10.10"]
[SourceVersion "1"]
[SourceVersionDate "2023.10.10"]
[SourceQuality "1"]

1. d4 Nf6 2. Nf3 g6 3. g3 d5 4. Bg2 Bg7 5. 0-0 0-0 6. Ne5 c6 7. c4 dxc4 8. Nxc4 Be6 9. Ne5 Nbd7 10. Nxd7 Qxd7 11. Nc3 Bh3 12. e3 Bxg2 13. Kxg2 Rad8 14. Qb3 c5 15. dxc5 Qc6+ 16. Kg1 h5 17. Qb5 Qc7 18. e4 h4 19. Bf4 e5 20. Bg5 hxg3 21. hxg3 Rc8 22. Bxf6 Bxf6 23. Nd5 Qd8 24. Rad1 Bg7 25. b4 Qg5 26. Qxb7 Rb8 27. Qxa7 Qg4 28. c6 Qxe4 29. c7 Ra8 30. Qc5 Kh7 31. Nb6 Rac8 32. Nxc8 Rxc8 33. Rd8 Qf5 34. Rxc8 Qxc8 35. b5 Bf8 36. Qc4 Bd6 37. Qxf7+ Kh6 38. b6 Qb7 39. Qc4 Qc8 40. a4 e4 41. Qxe4 1-0

[Event "Titled Tuesday intern op 27th Jun Early"]
[Site "Chess.com INT"]
[Date "2023.06.27"]
[Round "9"]
[White "Aketayeva, Dana"]
[Black "Tarasova, Viktoriya"]
[Result "1/2-1/2"]
[WhiteElo "2130"]
[BlackElo "2226"]
[PlyCount "225"]
[EventDate "2023.06.27"]
[EventType "swiss (blitz)"]
[EventRounds "11"]
[EventCountry "USA"]
[SourceTitle "EXT 2024"]
[Source "ChessBase"]
[SourceDate "2023.10.10"]
[SourceVersion "1"]
[SourceVersionDate "2023.10.10"]
[SourceQuality "1"]

1. d4 Nf6 2. Nf3 e6 3. g3 b6 4. Bg2 Bb7 5. 0-0 c5 6. c3 cxd4 7. cxd4 d5 8. Nc3 Be7 9. Qa4+ Bc6 10. Qd1 0-0 11. Ne5 Bb7 12. b3 Nbd7 13. Bb2 Rc8 14. Rc1 Nxe5 15. dxe5 Nd7 16. Nb5 a6 17. Nd4 Nc5 18. b4 Ne4 19. a3 a5 20. b5 Qd7 21. Bxe4 dxe4 22. Nc6 Bxc6 23. bxc6 Qc7 24. Qd4 Bc5 25. Qxe4 Qxc6 26. Qxc6 Rxc6 27. e3 Rfc8 28. Rfd1 h6 29. Rc2 Be7 30. Rxc6 Rxc6 31. Rd7 Bc5 32. Rd8+ Kh7 33. a4 Kg6 34. Rb8 Rc7 35. Kg2 Rd7 36. Kf3 Rd2 37. Bc3 Ra2 38. Bd4 Bxd4 39. exd4 Rxa4 40. Rxb6 Rxd4 41. Rb5 Ra4 42. Kg2 Ra2 43. g4 a4 44. Ra5 Kg5 45. h3 Kf4 46. Ra7 Kxe5 47. Rxf7 g6 48. Ra7 a3 49. Ra4 Ra1 50. Kh2 a2 51. Kg2 Kd5 52. Ra3 Kc4 53. Ra6 e5 54. Ra7 Kd4 55. Ra4+ Kd5 56. Ra5+ Ke6 57. Ra6+ Kf7 58. Ra5 Kf6 59. Ra6+ Kg5 60. Ra4 e4 61. Ra5+ Kf4 62. Ra4 g5 63. Ra6 Ke5 64. Ra5+ Kd4 65. Ra4+ Kd3 66. Ra3+ Kd2 67. Ra5 Kd3 68. Ra3+ Kd2 69. Ra4 e3 70. fxe3 Kxe3 71. Ra3+ Ke2 72. Ra4 Kd2 73. Ra5 Kc2 74. Rc5+ Kb3 75. Ra5 Kb4 76. Ra8 Kb3 77. Rb8+ Kc3 78. Rc8+ Kd4 79. Rd8+ Ke5 80. Re8+ Kf4 81. Ra8 Ke3 82. Ra3+ Kd2 83. Ra7 Kc1 84. Rc7+ Kb1 85. Rb7+ Kc2 86. Rc7+ Kd3 87. Rd7+ Ke4 88. Re7+ Kf4 89. Ra7 Ke5 90. Ra5+ Kf6 91. Ra6+ Kf7 92. Ra7+ Ke6 93. Ra6+ Ke5 94. Ra5+ Kd4 95. Ra4+ Kc3 96. Ra8 Kb3 97. Rb8+ Kc2 98. Rc8+ Kd3 99. Rd8+ Ke4 100. Re8+ Kf4 101. Rf8+ Ke5 102. Re8+ Kf6 103. Ra8 Kg6 104. Ra5 h5 105. Ra6+ Kg7 106. gxh5 Kh7 107. Ra5 Kh6 108. Ra6+ Kxh5 109. Ra4 Kg6 110. Ra5 Kh5 111. Ra4 Kg6 112. Ra5 Kh5 113. Ra4 1/2-1/2

[Event "Titled Tuesday intern op 27th Jun Early"]
[Site "Chess.com INT"]
[Date "2023.06.27"]
[Round "4"]
[White "Guevara Sanchez, Erick Marvin"]
[Black "Aketayeva, Dana"]
[Result "1-0"]
[WhiteElo "2073"]
[BlackElo "2130"]
[PlyCount "109"]
[EventDate "2023.06.27"]
[EventType "swiss (blitz)"]
[EventRounds "11"]
[EventCountry "USA"]
[SourceTitle "EXT 2024"]
[Source "ChessBase"]
[SourceDate "2023.10.10"]
[SourceVersion "1"]
[SourceVersionDate "2023.10.10"]
[SourceQuality "1"]

1. e4 c5 2. Nf3 Nc6 3. d4 cxd4 4. Nxd4 Nf6 5. Nc3 e5 6. Ndb5 d6 7. Nd5 Nxd5 8. exd5 Nb8 9. c4 Be7 10. Bd3 0-0 11. 0-0 f5 12. Be3 a6 13. Nc3 f4 14. Bd2 Kh8 15. f3 g5 16. Ne4 Nd7 17. Bc3 Qb6+ 18. Kh1 Nc5 19. Nxc5 Qxc5 20. Qe2 Bf6 21. b4 Qc7 22. c5 Bd7 23. Rac1 dxc5 24. bxc5 Qxc5 25. Bxe5 Qe7 26. Bxf6+ Qxf6 27. Qe4 Bf5 28. Qc4 Rac8 29. Qb3 Rxc1 30. Rxc1 Rc8 31. Rxc8+ Bxc8 32. Qc2 Qa1+ 33. Qb1 Qxb1+ 34. Bxb1 Bd7 35. Be4 h6 36. Kg1 Kg7 37. Kf1 Kf6 38. Ke2 Ke5 39. Kd3 Bb5+ 40. Kc3 Bf1 41. g3 b6 42. gxf4+ gxf4 43. h4 Bb5 44. Kb4 Be8 45. a4 Bf7 46. Kc4 b5+ 47. axb5 axb5+ 48. Kc5 b4 49. d6 b3 50. d7 b2 51. d8Q b1Q 52. Bxb1 Be6 53. Qe7 h5 54. Ba2 Kf5 55. Qxe6# 1-0

[Event "Titled Tuesday intern op 20th Jun Early"]
[Site "Chess.com INT"]
[Date "2023.06.20"]
[Round "8"]
[White "Aketayeva, Dana"]
[Black "Rizzo, Tobias"]
[Result "0-1"]
[WhiteElo "2130"]
[BlackElo "1970"]
[PlyCount "78"]
[EventDate "2023.06.20"]
[EventType "swiss (blitz)"]
[EventRounds "11"]
[EventCountry "USA"]
[SourceTitle "EXT 2024"]
[Source "ChessBase"]
[SourceDate "2023.10.10"]
[SourceVersion "1"]
[SourceVersionDate "2023.10.10"]
[SourceQuality "1"]

1. d4 Nf6 2. Nf3 g6 3. g3 Bg7 4. Bg2 0-0 5. 0-0 d5 6. c4 c6 7. Nc3 dxc4 8. Ne5 Be6 9. e4 Nfd7 10. f4 b5 11. Nxb5 cxb5 12. d5 Nxe5 13. fxe5 Bc8 14. e6 fxe6 15. Rxf8+ Bxf8 16. e5 Bb7 17. a4 b4 18. Bf4 Bxd5 19. Rc1 Nc6 20. Kh1 Bxg2+ 21. Kxg2 Qxd1 22. Rxd1 Rd8 23. Rc1 Rd4 24. Kf3 Na5 25. Ke3 Rd3+ 26. Ke2 Kf7 27. Rf1 Ke8 28. Be3 Bg7 29. Bxa7 Bxe5 30. Bb6 Nc6 31. a5 Bxb2 32. Rf4 Bd4 33. Bc7 e5 34. Rf1 Kd7 35. Bb6 Bxb6 36. axb6 Nd4+ 37. Kf2 Rf3+ 38. Kg2 Rxf1 39. Kxf1 Kc6 0-1